| 000 | 00418cam a2200157ua 4500 | ||
|---|---|---|---|
| 041 |
_aeng _h |
||
| 082 |
_a828.09 _bCOL/EN |
||
| 100 | _aCollins, A S . | ||
| 245 |
_aEnglish literature of the twentieth century / _cA S Collins. _hTextual Documents |
||
| 250 |
_a1 / _b. |
||
| 260 |
_aNew York : _bUniversities Tutorials Press Ltd. , _c1962. |
||
| 300 | _a410 ; . | ||
| 504 | _a | ||
| 942 | _cBK | ||
| 999 |
_c6859 _d6859 |
||